Guia de l'estudiant i programes de les assignatures, curs ... / Facultat de Biblioteconomia i Documentació
Descripción Física:
238 p. ; 21 cm
MARC
| LEADER | 00000nam a2200000Ia 4500 | ||
|---|---|---|---|
| 001 | 16343 | ||
| 008 | 160829s2003 xx 000 0 cat d | ||
| 080 | |a A-2-210 | ||
| 110 | 1 | |a Universitat de Barcelona. |b Facultat de Biblioteconomia i Documentació |9 53663 | |
| 245 | |a Guia de l'estudiant i programes de les assignatures, curs ... / Facultat de Biblioteconomia i Documentació | ||
| 260 | |a Barcelona : |b Universitat de Barcelona, |c 2003 | ||
| 300 | |a 238 p. ; |c 21 cm | ||
| 650 | |a Universitat de Barcelona. Facultat de Biblioteconomia i Documentació |x Currículums |9 37177 | ||
| 710 | 2 | |a Universitat de Barcelona |9 51297 | |
| 866 | |a 2003-2004 | ||
| 901 | |a Arxiu | ||
| 942 | |n 1 | ||
| 952 | |0 0 |1 0 |4 0 |6 A2210 |7 1 |9 47732 |a Arxiu |b Arxiu |d 2016-12-01 |l 0 |o A-2-210 |p 16343 |r 2016-12-01 00:00:00 |w 2016-12-01 |y ARXIU | ||
| 999 | |c 51531 |d 51531 | ||